[Event "Monarque blanc"]
[Site "Gatineau CAN"]
[Date "2007.02.13"]
[Round "5"]
[White "Lacourse, Guy"]
[Black "Villeneuve, Luc"]
[Result "0-1"]
[WhiteElo "1632"]
[BlackElo "1571"]
[PlyCount "78"]
[GameId "2160767910726906"]
[EventDate "2007.01.16"]
[EventType "swiss"]
[EventRounds "7"]
[EventCountry "CAN"]
[SourceTitle "EXT 2022"]
[Source "ChessBase"]
[SourceDate "2021.10.06"]
[SourceVersion "1"]
[SourceVersionDate "2021.10.06"]
[SourceQuality "1"]

1. d4 f5 2. Nf3 Nf6 3. Nc3 c6 4. Nd2 e6 5. a3 d5 6. Nf3 c5 7. e3 a6 8. Be2 Nc6 9. O-O Bd6 10. Bd2 O-O 11. dxc5 Bxc5 12. Na4 Bd6 13. b4 Qc7 14. g3 Ne4 15. Kg2 b5 16. Nb2 e5 17. Ne1 f4 18. Bf3 fxe3 19. Bxe4 dxe4 20. Bxe3 Qd7 21. Qd5+ Kh8 22. Qxe4 Bb7 23. f3 Nd4 24. Qd3 Nxf3 25. Nxf3 e4 26. Qd2 exf3+ 27. Kg1 Qh3 28. Rf2 Rad8 29. Nd3 Bxg3 30. hxg3 Qxg3+ 31. Kf1 Rde8 32. Re1 Qh3+ 33. Kg1 Re6 34. Ne5 Rxe5 35. Bf4 Qg4+ 36. Kf1 Rxe1+ 37. Qxe1 Qxf4 38. Qd1 Qh4 39. Kg1 Rf5 0-1

[Event "Monarque blanc"]
[Site "Gatineau CAN"]
[Date "2007.02.13"]
[Round "5"]
[White "Libersan, Mattieu"]
[Black "Toulouse, Raphael"]
[Result "1-0"]
[WhiteElo "1936"]
[BlackElo "1167"]
[PlyCount "31"]
[GameId "2160767910726907"]
[EventDate "2007.01.16"]
[EventType "swiss"]
[EventRounds "7"]
[EventCountry "CAN"]
[SourceTitle "EXT 2022"]
[Source "ChessBase"]
[SourceDate "2021.10.06"]
[SourceVersion "1"]
[SourceVersionDate "2021.10.06"]
[SourceQuality "1"]

1. e4 e6 2. d4 d5 3. Nc3 c5 4. exd5 exd5 5. dxc5 d4 6. Ne4 Bxc5 7. Nf3 Bg4 8. Bc4 Qe7 9. O-O Nf6 10. Nxc5 Qxc5 11. Re1+ Be6 12. Bxe6 fxe6 13. Rxe6+ Kf7 14. Ng5+ Kf8 15. Rxf6+ gxf6 16. Ne6+ 1-0

[Event "Monarque blanc"]
[Site "Gatineau CAN"]
[Date "2007.02.13"]
[Round "5"]
[White "Maisonneuve, Paul"]
[Black "Kennedy, Phillip"]
[Result "0-1"]
[WhiteElo "1523"]
[BlackElo "1285"]
[PlyCount "150"]
[GameId "2160767910726908"]
[EventDate "2007.01.16"]
[EventType "swiss"]
[EventRounds "7"]
[EventCountry "CAN"]

1. d4 Nf6 2. Bf4 e6 3. e3 Nc6 4. Nf3 Bb4+ 5. c3 Be7 6. h3 d6 7. Bd3 Nd5 8. Bh2 b6 9. O-O Bb7 10. Nbd2 Qd7 11. e4 Nf6 12. e5 dxe5 13. Nxe5 Nxe5 14. Bxe5 O-O-O 15. a4 Qd5 16. Nf3 Bd6 17. Bxd6 Qxd6 18. Qe2 Nd5 19. Ba6 f6 20. Bxb7+ Kxb7 21. a5 bxa5 22. Rxa5 a6 23. Rfa1 Ra8 24. Nd2 Nf4 25. Qe4+ Nd5 26. Nb3 f5 27. Nc5+ Qxc5 28. Rxc5 fxe4 29. Re1 Nf6 30. Re5 Rhe8 31. g4 h6 32. Kg2 a5 33. Kg3 a4 34. h4 a3 35. bxa3 Rxa3 36. Re3 Nd5 37. R3xe4 Nxc3 38. Re3 Ne2+ 39. Kf3 Nxd4+ 40. Ke4 Rxe3+ 41. fxe3 Nc6 42. Rb5+ Kc8 43. Rc5 Kd7 44. Rc1 e5 45. h5 Re6 46. Rf1 Rf6 47. Rd1+ Ke7 48. Rc1 g6 49. Kd5 gxh5 50. gxh5 Rd6+ 51. Ke4 Kd7 52. Rg1 Ne7 53. Kxe5 Rd5+ 54. Kf6 Rf5+ 55. Kg7 Rxh5 56. Rd1+ Rd5 57. Rh1 Nf5+ 58. Kg6 Nxe3 59. Kxh6 c5 60. Re1 Nf5+ 61. Kg6 Nd4 62. Rc1 Kc6 63. Kf6 Nb3 64. Rc3 Na5 65. Ke6 c4 66. Ra3 Nb3 67. Ra6+ Kc5 68. Ra8 Kd4 69. Rb8 Nc5+ 70. Kf6 Kd3 71. Rb1 Kc2 72. Rb4 c3 73. Rh4 Kb3 74. Rh3 Kb2 75. Rh2+ c2 0-1

[Event "Monarque blanc"]
[Site "Gatineau CAN"]
[Date "2007.02.20"]
[Round "6"]
[White "Arsenault, Michel"]
[Black "Dupont, Claude"]
[Result "1-0"]
[WhiteElo "2053"]
[BlackElo "1395"]
[PlyCount "85"]
[GameId "2160767910726911"]
[EventDate "2007.01.16"]
[EventType "swiss"]
[EventRounds "7"]
[EventCountry "CAN"]
[SourceTitle "EXT 2022"]
[Source "ChessBase"]
[SourceDate "2021.10.06"]
[SourceVersion "1"]
[SourceVersionDate "2021.10.06"]
[SourceQuality "1"]

1. e4 c5 2. Nf3 d6 3. d4 cxd4 4. Nxd4 Nc6 5. Nc3 a6 6. Be3 Nf6 7. f3 e6 8. Qd2 Be7 9. O-O-O O-O 10. g4 h6 11. Be2 Nh7 12. Kb1 Nxd4 13. Bxd4 e5 14. Be3 Bg5 15. Nd5 Bxe3 16. Qxe3 Nf6 17. Nb6 Rb8 18. Nc4 d5 19. exd5 Nxd5 20. Qxe5 Be6 21. Rd2 Qc8 22. Rxd5 Bxd5 23. Qxd5 Rd8 24. Qe4 Qc7 25. Bd3 g6 26. Re1 Qxh2 27. Ne5 Re8 28. Bc4 Kg7 29. Bxf7 Rxe5 30. Qxg6+ Kf8 31. Qd6+ Kxf7 32. Qxe5 Qxe5 33. Rxe5 Kf6 34. Rf5+ Kg6 35. b4 b5 36. Kb2 Rc8 37. Rc5 Rxc5 38. bxc5 Kf6 39. f4 Ke6 40. f5+ Kd5 41. f6 Ke6 42. c6 Kxf6 43. c7 1-0

[Event "Monarque blanc"]
[Site "Gatineau CAN"]
[Date "2007.02.20"]
[Round "6"]
[White "Arsenault, Yves"]
[Black "Dallaire, Dominic"]
[Result "0-1"]
[WhiteElo "1500"]
[BlackElo "1878"]
[PlyCount "34"]
[GameId "2160767910726912"]
[EventDate "2007.01.16"]
[EventType "swiss"]
[EventRounds "7"]
[EventCountry "CAN"]
[SourceTitle "EXT 2022"]
[Source "ChessBase"]
[SourceDate "2021.10.06"]
[SourceVersion "1"]
[SourceVersionDate "2021.10.06"]
[SourceQuality "1"]

1. e4 e6 2. d4 d5 3. Bd3 c5 4. exd5 exd5 5. Qe2+ Be6 6. Nf3 Nc6 7. dxc5 Bxc5 8. Ng5 Qd7 9. Nxh7 O-O-O 10. Ng5 Bg4 11. Qd2 Re8+ 12. Kf1 f6 13. Nc3 fxg5 14. Qxg5 Rh5 15. Qd2 Qf7 16. Qf4 Qe6 17. Bd2 Rf8 0-1

[Event "Monarque blanc"]
[Site "Gatineau CAN"]
[Date "2007.02.20"]
[Round "6"]
[White "Carriere, Stephen"]
[Black "Berthiaume, Serge"]
[Result "1-0"]
[WhiteElo "1283"]
[BlackElo "1171"]
[PlyCount "33"]
[GameId "2160767910726915"]
[EventDate "2007.01.16"]
[EventType "swiss"]
[EventRounds "7"]
[EventCountry "CAN"]
[SourceTitle "EXT 2022"]
[Source "ChessBase"]
[SourceDate "2021.10.06"]
[SourceVersion "1"]
[SourceVersionDate "2021.10.06"]
[SourceQuality "1"]

1. e4 e5 2. Nf3 d6 3. Bc4 Nf6 4. Bxf7+ Kxf7 5. Ng5+ Ke8 6. O-O b6 7. f4 Nc6 8. fxe5 dxe5 9. c3 h6 10. Nf3 Nxe4 11. Qa4 Bb7 12. Qxe4 Qe7 13. Qg6+ Kd8 14. d4 Kc8 15. d5 Qc5+ 16. Nd4 Nxd4 17. Qe8# 1-0

[Event "Monarque blanc"]
[Site "Gatineau CAN"]
[Date "2007.02.20"]
[Round "6"]
[White "Cossette, Daniel"]
[Black "Brousseau, Yvan"]
[Result "1-0"]
[WhiteElo "2137"]
[BlackElo "2011"]
[PlyCount "115"]
[GameId "2160767910726917"]
[EventDate "2007.01.16"]
[EventType "swiss"]
[EventRounds "7"]
[EventCountry "CAN"]
[SourceTitle "EXT 2022"]
[Source "ChessBase"]
[SourceDate "2021.10.06"]
[SourceVersion "1"]
[SourceVersionDate "2021.10.06"]
[SourceQuality "1"]

1. e4 c5 2. Nc3 Nc6 3. g3 g6 4. Bg2 Bg7 5. d3 d6 6. f4 e6 7. Nf3 Nge7 8. O-O O-O 9. Be3 Nd4 10. e5 dxe5 11. fxe5 Nef5 12. Bf2 Nxf3+ 13. Qxf3 Nd4 14. Qd1 Bxe5 15. Ne4 Rb8 16. c3 Nf5 17. Bxc5 Re8 18. Bxa7 Ra8 19. Bf2 Qc7 20. d4 Bg7 21. g4 Nh6 22. Be3 Rf8 23. Bxh6 Bxh6 24. g5 Bg7 25. Nf6+ Bxf6 26. gxf6 Ra5 27. Qd2 Rh5 28. Qf4 e5 29. dxe5 Qb6+ 30. Qf2 Qb5 31. Rae1 Re8 32. Re3 Rexe5 33. Rfe1 Rxe3 34. Qxe3 Be6 35. Qd4 Qa5 36. Rd1 h6 37. Qd8+ Qxd8 38. Rxd8+ Kh7 39. a4 Ra5 40. Bxb7 Rxa4 41. b4 Ra3 42. Rd3 Bc4 43. Re3 h5 44. h4 Kh6 45. Kf2 g5 46. hxg5+ Kxg5 47. Rf3 Kg4 48. Bc8+ Kg5 49. Ke1 Ra2 50. Rf5+ Kg6 51. Rc5 Bb3 52. b5 Kxf6 53. Rxh5 Ra5 54. Rf5+ Ke7 55. b6 Ra8 56. Rc5 Rb8 57. b7 Ba2 58. Ra5 1-0

[Event "Monarque blanc"]
[Site "Gatineau CAN"]
[Date "2007.02.20"]
[Round "6"]
[White "Iyamuremye, Gervais"]
[Black "Forget, David"]
[Result "0-1"]
[WhiteElo "1539"]
[BlackElo "1887"]
[PlyCount "84"]
[GameId "2160767910726918"]
[EventDate "2007.01.16"]
[EventType "swiss"]
[EventRounds "7"]
[EventCountry "CAN"]
[SourceTitle "EXT 2022"]
[Source "ChessBase"]
[SourceDate "2021.10.06"]
[SourceVersion "1"]
[SourceVersionDate "2021.10.06"]
[SourceQuality "1"]

1. e4 e6 2. Nf3 d5 3. exd5 exd5 4. d4 Bg4 5. Be2 Nf6 6. Bg5 Be7 7. c3 O-O 8. O-O Nbd7 9. Ne5 Bxe2 10. Qxe2 Nxe5 11. dxe5 Nd7 12. Bxe7 Qxe7 13. f4 Rfe8 14. Qb5 Qc5+ 15. Qxc5 Nxc5 16. Nd2 Rad8 17. Nb3 Nxb3 18. axb3 a6 19. b4 Kf8 20. Rfd1 c6 21. Rac1 Ra8 22. g3 a5 23. bxa5 Rxa5 24. Rd2 Raa8 25. Kf2 Ra2 26. e6 f5 27. Ke3 Ke7 28. Kd4 Kd6 29. h3 Ra4+ 30. Kd3 Re4 31. Re2 Kxe6 32. Rxe4+ dxe4+ 33. Kd4 Rd8+ 34. Kc4 Rd3 35. Rg1 g6 36. b4 b5+ 37. Kb3 Kf6 38. h4 Ke6 39. Rf1 Kd5 40. Rf2 e3 41. Re2 Ke4 42. Kc2 Rd7 0-1

[Event "Monarque blanc"]
[Site "Gatineau CAN"]
[Date "2007.02.20"]
[Round "6"]
[White "Jani, Louis"]
[Black "Lacourse, Guy"]
[Result "0-1"]
[WhiteElo "1413"]
[BlackElo "1632"]
[PlyCount "96"]
[GameId "2160767910726919"]
[EventDate "2007.01.16"]
[EventType "swiss"]
[EventRounds "7"]
[EventCountry "CAN"]
[SourceTitle "EXT 2022"]
[Source "ChessBase"]
[SourceDate "2021.10.06"]
[SourceVersion "1"]
[SourceVersionDate "2021.10.06"]
[SourceQuality "1"]

1. f4 c5 2. Nf3 d6 3. e3 Nf6 4. Be2 g6 5. O-O Bg7 6. Nc3 O-O 7. d4 cxd4 8. exd4 a6 9. Re1 b5 10. Bd3 Bb7 11. Be3 Ng4 12. Bf1 Nxe3 13. Rxe3 Bxf3 14. Rxf3 Nd7 15. Ne4 d5 16. Nf2 f5 17. c3 Nf6 18. Qe1 Ne4 19. Rh3 h5 20. Be2 Rf6 21. Nd3 Qb6 22. Bf3 Re6 23. Ne5 Bxe5 24. fxe5 Rxe5 25. Bxe4 Rxe4 26. Qd2 e5 27. Rd3 Re8 28. Re1 exd4 29. Rxe4 Rxe4 30. Rxd4 Rxd4 31. cxd4 Qf6 32. Qc3 Kg7 33. Kf1 g5 34. Qe3 f4 35. Qc3 g4 36. Kf2 Qd6 37. h3 Kf6 38. hxg4 hxg4 39. Qd2 Kg5 40. Qe2 Qf6 41. Qd2 Qf5 42. Qe2 Qe4 43. Qxe4 dxe4 44. d5 Kf5 45. g3 e3+ 46. Ke2 f3+ 47. Kxe3 Ke5 48. Kd3 Kxd5 0-1

[Event "Monarque blanc"]
[Site "Gatineau CAN"]
[Date "2007.02.20"]
[Round "6"]
[White "Levesque, Andre"]
[Black "Blouin, Francois"]
[Result "0-1"]
[WhiteElo "1388"]
[BlackElo "1519"]
[PlyCount "88"]
[GameId "2160767910726920"]
[EventDate "2007.01.16"]
[EventType "swiss"]
[EventRounds "7"]
[EventCountry "CAN"]
[SourceTitle "EXT 2022"]
[Source "ChessBase"]
[SourceDate "2021.10.06"]
[SourceVersion "1"]
[SourceVersionDate "2021.10.06"]
[SourceQuality "1"]

1. e4 e6 2. d4 d5 3. exd5 exd5 4. Nc3 c6 5. Nf3 Bd6 6. Be2 Ne7 7. O-O O-O 8. Re1 Re8 9. a3 Bg4 10. Qd3 Bf5 11. Qd2 Nd7 12. b4 Qc7 13. Nd1 b5 14. Ne3 Bf4 15. Qc3 Bg6 16. Bxb5 Be4 17. Nf1 Bxf3 18. gxf3 cxb5 19. Qd3 a6 20. Be3 Nb6 21. Ng3 Nc4 22. Rab1 Rac8 23. Rb3 Nxe3 24. fxe3 Bxg3 25. Re2 Bh4 26. c3 Qd7 27. Rbb2 Nf5 28. e4 dxe4 29. fxe4 Nh6 30. Rg2 Bf6 31. Qf3 Bxd4+ 32. cxd4 Qxd4+ 33. Rgf2 Rc1+ 34. Kg2 Qxe4 35. Rbe2 Qxf3+ 36. Kxf3 Rxe2 37. Rxe2 Kf8 38. Ke4 g6 39. h3 Rc3 40. Re3 Rxe3+ 41. Kxe3 Nf5+ 42. Ke4 Nd6+ 43. Kd5 Nc4 44. a4 Nb6+ 0-1

[Event "Monarque blanc"]
[Site "Gatineau CAN"]
[Date "2007.02.20"]
[Round "6"]
[White "Pilon, Robert"]
[Black "Kennedy, Phillip"]
[Result "1-0"]
[WhiteElo "1554"]
[BlackElo "1285"]
[PlyCount "65"]
[GameId "2160767910726921"]
[EventDate "2007.01.16"]
[EventType "swiss"]
[EventRounds "7"]
[EventCountry "CAN"]

1. e4 c5 2. c3 Nc6 3. d4 cxd4 4. cxd4 g6 5. Nf3 Bg7 6. Be3 d6 7. Bb5 Bd7 8. Nc3 e6 9. O-O Nge7 10. Rc1 O-O 11. Qd2 a6 12. Bxc6 Nxc6 13. Bh6 e5 14. d5 Nd4 15. Nxd4 exd4 16. Bxg7 dxc3 17. Bxc3 f6 18. Qf4 Bb5 19. Rfe1 g5 20. Qg3 a5 21. h4 h6 22. hxg5 fxg5 23. Re3 Rf4 24. Qh3 Kh7 25. Qe6 Qf8 26. Be1 Rf7 27. Rf3 Rxf3 28. gxf3 Qg7 29. Qxd6 Rf8 30. Rc7 Rf7 31. Bc3 Qg6 32. Qe5 b6 33. Qh8# 1-0

[Event "Monarque blanc"]
[Site "Gatineau CAN"]
[Date "2007.02.20"]
[Round "6"]
[White "Scantland, Patrick"]
[Black "Guimond, Michel"]
[Result "1-0"]
[WhiteElo "1730"]
[BlackElo "1795"]
[PlyCount "103"]
[GameId "2160767910726922"]
[EventDate "2007.01.16"]
[EventType "swiss"]
[EventRounds "7"]
[EventCountry "CAN"]
[SourceTitle "EXT 2022"]
[Source "ChessBase"]
[SourceDate "2021.10.06"]
[SourceVersion "1"]
[SourceVersionDate "2021.10.06"]
[SourceQuality "1"]

1. d4 g6 2. c4 Bg7 3. Nc3 d6 4. Nf3 Nd7 5. e4 c6 6. Be2 e5 7. d5 c5 8. a3 a6 9. Be3 Nh6 10. Nd2 O-O 11. O-O f5 12. f3 f4 13. Bf2 Nf6 14. b4 b6 15. bxc5 bxc5 16. Rb1 Nh5 17. Qe1 Kh8 18. Kh1 Rg8 19. Rg1 Bf6 20. Nf1 Ra7 21. Qc1 g5 22. g4 fxg3 23. Bxg3 Qf8 24. Rb8 Rag7 25. Na4 Nf4 26. Qe1 Qf7 27. Ne3 g4 28. Nb6 Nxe2 29. Qxe2 gxf3 30. Qxf3 Bg4 31. Rxg8+ Rxg8 32. Nxg4 Rxg4 33. Rf1 Rg6 34. Be1 Qb7 35. Ba5 Kg7 36. h4 Ng4 37. Rg1 h5 38. Rf1 Kh7 39. Qh3 Qe7 40. Be1 Qc7 41. Qb3 Qd8 42. Rf5 Bxh4 43. Qf3 Bxe1 44. Rxh5+ Kg7 45. Qf5 Nf2+ 46. Kh2 Ng4+ 47. Kh1 Nf2+ 48. Kh2 Ng4+ 49. Kh1 Ne3 50. Qh3 Ng4 51. Rh7+ Kg8 52. Rh8+ 1-0

[Event "Monarque blanc"]
[Site "Gatineau CAN"]
[Date "2007.02.20"]
[Round "6"]
[White "Szalay, Karoly"]
[Black "Libersan, Mattieu"]
[Result "1-0"]
[WhiteElo "1842"]
[BlackElo "1936"]
[PlyCount "69"]
[GameId "2160767910726923"]
[EventDate "2007.01.16"]
[EventType "swiss"]
[EventRounds "7"]
[EventCountry "CAN"]
[SourceTitle "EXT 2022"]
[Source "ChessBase"]
[SourceDate "2021.10.06"]
[SourceVersion "1"]
[SourceVersionDate "2021.10.06"]
[SourceQuality "1"]

1. e4 e5 2. Nf3 f5 3. Nxe5 Nc6 4. d4 Qf6 5. Nxc6 dxc6 6. e5 Qf7 7. b3 Be6 8. Bb2 O-O-O 9. Nd2 c5 10. c3 Ne7 11. Bc4 Nd5 12. Qe2 Be7 13. O-O-O cxd4 14. cxd4 Kb8 15. g3 g5 16. Rhf1 c5 17. dxc5 Bxc5 18. Bxd5 Rxd5 19. f4 g4 20. Nc4 Rhd8 21. Ba3 Qe7 22. Bb2 Qd7 23. Nd6 Qc6 24. Kb1 Ka8 25. Rxd5 Qxd5 26. Rd1 Qf3 27. Qc2 Qe3 28. Bc3 Bb6 29. Kb2 Rf8 30. Bb4 Bd4+ 31. Ka3 h5 32. Rxd4 Qxd4 33. Nb5 Qd7 34. Nc7+ Kb8 35. Bxf8 1-0

[Event "Monarque blanc"]
[Site "Gatineau CAN"]
[Date "2007.02.23"]
[Round "6"]
[White "Rainey, Ivan"]
[Black "Berthiaume, Patrick"]
[Result "0-1"]
[WhiteElo "1241"]
[BlackElo "984"]
[PlyCount "70"]
[GameId "2160767910726924"]
[EventDate "2007.01.16"]
[EventType "swiss"]
[EventRounds "7"]
[EventCountry "CAN"]
[SourceTitle "EXT 2022"]
[Source "ChessBase"]
[SourceDate "2021.10.06"]
[SourceVersion "1"]
[SourceVersionDate "2021.10.06"]
[SourceQuality "1"]

1. e4 c5 2. d4 d6 3. dxc5 dxc5 4. Qxd8+ Kxd8 5. Nf3 Nc6 6. Bc4 e6 7. O-O g6 8. Rd1+ Bd7 9. Bb5 Rc8 10. Bxc6 Rxc6 11. Ne5 Rb6 12. Nxd7 Rb5 13. Nxf8+ Ke7 14. Nxe6 Kxe6 15. b3 Nf6 16. Bb2 Re8 17. Bxf6 Kxf6 18. Nc3 Ra5 19. Rd6+ Kg7 20. Rd5 b6 21. a4 Re6 22. b4 cxb4 23. Rxa5 bxa5 24. Nb5 a6 25. Nc7 Rc6 26. Ne8+ Kf8 27. Nf6 Rxf6 28. Rb1 Rc6 29. Rb2 Rd6 30. f3 Rd2 31. Rb3 Rxc2 32. Rd3 Ra2 33. e5 Rxa4 34. Kf2 Ra3 35. Rd8+ Kg7 0-1

[Event "Monarque blanc"]
[Site "Gatineau CAN"]
[Date "2007.02.27"]
[Round "7"]
[White "Berthiaume, Patrick"]
[Black "Jani, Louis"]
[Result "0-1"]
[WhiteElo "984"]
[BlackElo "1413"]
[PlyCount "62"]
[GameId "2160767910726925"]
[EventDate "2007.01.16"]
[EventType "swiss"]
[EventRounds "7"]
[EventCountry "CAN"]
[SourceTitle "EXT 2022"]
[Source "ChessBase"]
[SourceDate "2021.10.06"]
[SourceVersion "1"]
[SourceVersionDate "2021.10.06"]
[SourceQuality "1"]

1. d4 f5 2. c4 Nf6 3. Nc3 e6 4. Bg5 Be7 5. Bf4 b6 6. a3 Bb7 7. Nb5 d6 8. e3 a6 9. Nc3 O-O 10. Nf3 Nbd7 11. d5 e5 12. Bg5 Nc5 13. b4 Nce4 14. Nxe4 Nxe4 15. Bxe7 Qxe7 16. Nd2 Qf6 17. Nxe4 fxe4 18. Qe2 Rf7 19. Ra2 Rd8 20. g3 c6 21. Qd2 b5 22. Qc2 cxd5 23. cxd5 Bxd5 24. Ra1 Rb8 25. Rc1 Kh8 26. Rd1 Bb3 27. Qd2 Bxd1 28. Kxd1 Qxf2 29. Qxf2 Rxf2 30. Ke1 Ra2 31. Bh3 Ra1+ 0-1

[Event "Monarque blanc"]
[Site "Gatineau CAN"]
[Date "2007.02.27"]
[Round "7"]
[White "Blouin, Francois"]
[Black "Arsenault, Yves"]
[Result "1-0"]
[WhiteElo "1519"]
[BlackElo "1500"]
[PlyCount "157"]
[GameId "2160767910726927"]
[EventDate "2007.01.16"]
[EventType "swiss"]
[EventRounds "7"]
[EventCountry "CAN"]
[SourceTitle "EXT 2022"]
[Source "ChessBase"]
[SourceDate "2021.10.06"]
[SourceVersion "1"]
[SourceVersionDate "2021.10.06"]
[SourceQuality "1"]

1. e4 c5 2. Nc3 Nc6 3. g3 g6 4. d3 Bg7 5. Be3 d6 6. Bg2 Nf6 7. h3 O-O 8. Qd2 e5 9. Bh6 Nd4 10. Bxg7 Kxg7 11. Nge2 Bd7 12. Nxd4 cxd4 13. Ne2 Rc8 14. O-O Bc6 15. f4 h5 16. Kh2 Nh7 17. h4 Nf6 18. Bh3 Bd7 19. f5 d5 20. c3 dxe4 21. cxd4 exd3 22. Qxd3 e4 23. Qe3 Re8 24. Nc3 Qb6 25. b3 Rc7 26. Rac1 Rec8 27. Na4 Bxa4 28. Rxc7 Rxc7 29. bxa4 Rc4 30. fxg6 fxg6 31. Rd1 Rxa4 32. Rd2 Qa5 33. Be6 Qb6 34. Bh3 Qd6 35. Kg2 Ra3 36. Qf4 Qxf4 37. gxf4 e3 38. Re2 Nd5 39. Kf3 Kf6 40. Bc8 b6 41. Bb7 Ra5 42. Rc2 Nb4 43. Re2 Nxa2 44. Rxe3 Nb4 45. Re5 Ra3+ 46. Ke4 Nd3 47. Re8 a5 48. d5 Nc5+ 49. Kd4 Nxb7 50. Re6+ Kf5 51. Rxb6 Ra4+ 52. Ke3 Rb4 53. Rc6 Re4+ 54. Kd3 Re8 55. Rc7 Rb8 56. Rf7+ Kg4 57. Rg7 Kxf4 58. Rxg6 Nc5+ 59. Kd4 Nb3+ 60. Kc4 a4 61. Ra6 Nd2+ 62. Kd3 Ne4 63. Rxa4 Re8 64. d6 Kf5 65. Ra5+ Kg4 66. Ra4 Kf5 67. Rxe4 Rd8 68. Rd4 Ke5 69. Re4+ Kf5 70. Rd4 Ke5 71. Ke3 Kf5 72. d7 Ke5 73. Rd1 Ke6 74. Ke4 Kf6 75. Rd6+ Ke7 76. Rd5 Kf6 77. Rxh5 Rxd7 78. Rh6+ Kg7 79. Ra6 1-0

[Event "Monarque blanc"]
[Site "Gatineau CAN"]
[Date "2007.02.27"]
[Round "7"]
[White "Desjardins, Michel"]
[Black "Toulouse, Raphael"]
[Result "1-0"]
[WhiteElo "1907"]
[BlackElo "1167"]
[PlyCount "47"]
[GameId "2160767910726929"]
[EventDate "2007.01.16"]
[EventType "swiss"]
[EventRounds "7"]
[EventCountry "CAN"]
[SourceTitle "EXT 2022"]
[Source "ChessBase"]
[SourceDate "2021.10.06"]
[SourceVersion "1"]
[SourceVersionDate "2021.10.06"]
[SourceQuality "1"]

1. e4 e6 2. d4 d5 3. e5 c5 4. c3 Nc6 5. Nf3 Qa5 6. dxc5 Qxc5 7. Be3 Qa5 8. Bd3 g6 9. O-O Bg7 10. Bd4 Nge7 11. Re1 O-O 12. Nbd2 Bd7 13. Qe2 Bh6 14. h3 Rfc8 15. Be3 Bg7 16. Bg5 a6 17. Bf6 Bh6 18. Nh2 Nd4 19. cxd4 Qxd2 20. Bxe7 Qxe2 21. Rxe2 Rc1+ 22. Rxc1 Bxc1 23. Ng4 Bc6 24. Rc2 1-0

[Event "Monarque blanc"]
[Site "Gatineau CAN"]
[Date "2007.02.27"]
[Round "7"]
[White "Forget, David"]
[Black "Cossette, Daniel"]
[Result "0-1"]
[WhiteElo "1887"]
[BlackElo "2137"]
[PlyCount "88"]
[GameId "2160767910726930"]
[EventDate "2007.01.16"]
[EventType "swiss"]
[EventRounds "7"]
[EventCountry "CAN"]
[SourceTitle "EXT 2022"]
[Source "ChessBase"]
[SourceDate "2021.10.06"]
[SourceVersion "1"]
[SourceVersionDate "2021.10.06"]
[SourceQuality "1"]

1. d4 d5 2. c4 e6 3. Nc3 c5 4. cxd5 exd5 5. dxc5 d4 6. Ne4 Bf5 7. Ng3 Be6 8. Nf3 Bxc5 9. e3 dxe3 10. Qxd8+ Kxd8 11. Bxe3 Bxe3 12. fxe3 Nc6 13. Ng5 Nf6 14. Nxe6+ fxe6 15. Bc4 Ke7 16. Ke2 Ne5 17. Bb3 Rac8 18. Rac1 Rhd8 19. Rxc8 Rxc8 20. Rd1 Rc6 21. Rd4 Rd6 22. Rxd6 Kxd6 23. h3 Nc6 24. Nf1 Nd5 25. Nd2 b6 26. Ne4+ Ke5 27. Ng5 h6 28. Nxe6 Kxe6 29. e4 Nd4+ 30. Kd3 Nxb3 31. exd5+ Kxd5 32. axb3 Kc5 33. Kc3 a5 34. h4 h5 35. g3 Kb5 36. Kd3 Kb4 37. Ke4 Kxb3 38. Kf5 Kxb2 39. Kg6 a4 40. Kxg7 a3 41. Kg6 a2 42. Kxh5 a1=Q 43. g4 Kc2 44. g5 Qh8+ 0-1

[Event "Monarque blanc"]
[Site "Gatineau CAN"]
[Date "2007.02.27"]
[Round "7"]
[White "Guimond, Michel"]
[Black "Szalay, Karoly"]
[Result "0-1"]
[WhiteElo "1795"]
[BlackElo "1854"]
[PlyCount "114"]
[GameId "2160767910726931"]
[EventDate "2007.01.16"]
[EventType "swiss"]
[EventRounds "7"]
[EventCountry "CAN"]
[SourceTitle "EXT 2022"]
[Source "ChessBase"]
[SourceDate "2021.10.06"]
[SourceVersion "1"]
[SourceVersionDate "2021.10.06"]
[SourceQuality "1"]

1. e4 e5 2. Bc4 Nc6 3. a3 f5 4. d3 Nf6 5. Nc3 Bc5 6. Nf3 d6 7. Bg5 f4 8. h3 Qd7 9. Bxf6 gxf6 10. Nh4 h5 11. Nf5 Bb6 12. Nd5 Qd8 13. Ng7+ Kf8 14. Nxh5 f5 15. Nhf6 Na5 16. exf5 Nxc4 17. dxc4 Bxf5 18. g4 Bg6 19. Qe2 Kg7 20. O-O-O Rh4 21. Nh5+ Kh6 22. Ndf6 Qe7 23. Rhg1 Kg5 24. Rd5 c6 25. Ne4+ Bxe4 26. Qxe4 Rf8 27. Rd3 Bxf2 28. Rgd1 Be3+ 29. Kb1 Rxh3 30. Rxd6 Bf2 31. Qg6+ Kh4 32. Ng7 Qg5 33. Qxg5+ Kxg5 34. Ne6+ Kxg4 35. Nxf8 e4 36. Rg6+ Kf5 37. Rdd6 Rh4 38. Rde6 f3 39. Rg7 Kf4 40. Rf7+ Ke3 41. Ng6 Rh3 42. Ne5 Bg3 43. c3 f2 44. Kc2 Bf4 45. Nd3 f1=Q 46. Nxf4 Rf3 47. Nh5 Qd3+ 48. Kb3 Rxf7 49. Ng3 Qd1+ 50. Kb4 a5+ 51. Kxa5 Rf4 52. c5 Qb3 53. c4 Qxc4 54. Nf1+ Qxf1 55. a4 Rf6 56. Rxf6 Qxf6 57. b4 Qd8# 0-1

[Event "Monarque blanc"]
[Site "Gatineau CAN"]
[Date "2007.02.27"]
[Round "7"]
[White "Jiang, Qizhe"]
[Black "Rainey, Ivan"]
[Result "0-1"]
[WhiteElo "953"]
[BlackElo "1241"]
[PlyCount "52"]
[GameId "2160767910726932"]
[EventDate "2007.01.16"]
[EventType "swiss"]
[EventRounds "7"]
[EventCountry "CAN"]
[SourceTitle "EXT 2022"]
[Source "ChessBase"]
[SourceDate "2021.10.06"]
[SourceVersion "1"]
[SourceVersionDate "2021.10.06"]
[SourceQuality "1"]

1. e4 e5 2. Nf3 Nc6 3. Nc3 a6 4. g3 Bc5 5. d3 h6 6. Bg2 Nf6 7. O-O d6 8. Re1 Be6 9. Be3 Bxe3 10. Rxe3 O-O 11. Re1 Bg4 12. a3 b5 13. Nd5 Nxd5 14. exd5 Ne7 15. c4 c6 16. b3 cxd5 17. cxd5 Nxd5 18. Rc1 Rc8 19. Qe2 Qe7 20. Qe4 Bxf3 21. Bxf3 Nb6 22. Qe2 Qg5 23. Qd1 Rxc1 24. Qxc1 Qxc1 25. Rxc1 a5 26. Rc6 Nc8 0-1

[Event "Monarque blanc"]
[Site "Gatineau CAN"]
[Date "2007.02.27"]
[Round "7"]
[White "Kennedy, Phillip"]
[Black "Levesque, Andre"]
[Result "0-1"]
[WhiteElo "1285"]
[BlackElo "1388"]
[PlyCount "58"]
[GameId "2160767910726933"]
[EventDate "2007.01.16"]
[EventType "swiss"]
[EventRounds "7"]
[EventCountry "CAN"]

1. Nf3 f5 2. d4 e6 3. g3 Nf6 4. Nc3 Be7 5. Bg2 O-O 6. O-O d6 7. Re1 Nbd7 8. e4 fxe4 9. Nxe4 h6 10. Qd3 Nxe4 11. Rxe4 c6 12. Bh3 e5 13. Be6+ Kh8 14. Nh4 Bxh4 15. Rxh4 Qf6 16. Bxd7 Bxd7 17. Be3 Bf5 18. Qd2 Kh7 19. Bg5 Qg6 20. dxe5 dxe5 21. Re1 Rae8 22. g4 Bxc2 23. Qd7 Qxg5 24. Rh5 Qf4 25. Rf1 Qf3 26. Qd2 Be4 27. Rxh6+ gxh6 28. Qd7+ Kg8 29. Qh7+ Kxh7 0-1